000 00614cam a22002291 4500
001 ne 68002044
003 DLC
005 20260227111842.0
008 890620q xx 000 0 ara
010 _ane 68002044
035 _a(OCoLC)23490118
040 _aDLC
_cMiU
_dDLC
042 _apremarc
043 _aff-----
050 0 0 _aAZ821.N6
_bJ5
100 1 _aJindī, Anwar.
245 1 3 _aal-Fikr wa-al-thaqāfah al-muʻāṣirah fī Shamāl Afrīqyā.
260 _c.1965
300 _a363 p.
_c24 cm.
650 0 _aLearning and scholarship
_zAfrica, North.
830 0 _aMaktabah al-ʻArabīyah ;
_v38.
999 _c50417
_d50417